| 000 | 00756cam a2200241 a 4500 | ||
|---|---|---|---|
| 003 | CO-ViMGA | ||
| 005 | 20230915225022.0 | ||
| 008 | 991012s1998 ck ab r 00010 spa d | ||
| 020 | _a9589618030 | ||
| 040 |
_aCO-ViMGA _bspa _cCO-ViMGA |
||
| 043 | _as-ck--- | ||
| 082 | 0 | 4 |
_aR912.86 _bA75b |
| 245 | 0 | 0 | _aAtlas básico de Colombia y el mundo / |
| 260 |
_a[Bogotá] : _bBibliográfica Internacional, _c1998. |
||
| 300 |
_axi, 105 p. : _bil., mapas ; _c30 cm. |
||
| 651 |
_aColombia _v Mapas _v Atlas. _9782 |
||
| 651 |
_aColombia _x Geografía _v Atlas. _9313 |
||
| 700 | 1 |
_aBarragán R., Javier. _9784 |
|
| 700 | 1 |
_aPla Olivares, Felipe Francisco. _9783 |
|
| 700 | 1 |
_aRomero, Ernesto. _9786 |
|
| 700 | 1 |
_aWidow, Jaime, _eil. _9785 |
|
| 942 |
_2ddc _cBK |
||
| 999 |
_c11965 _d11965 |
||